000
00331nam a2200133 a 4500
001
4144
005
20140414131914.0
008
090317s19uu xx 00 eng d
050
_a
ER
_b
J12 1994
100
_a
Hayes, Barbara
245
_a
Jack and the beanstalk.
260
_a
London :
_b
Brockhampton Press,
_c
1994.
999
_c
111356
_d
111356